Worst NFL Team Every Year Since 1980 - Statistics

General Stats
  • This quiz has been taken 13 times
  • The average score is 13 of 45
Answer Stats
Hint Answer % Correct
0-16 Browns
78%
0-16 Lions
67%
1-15 Saints
67%
1-15 Browns
56%
1-15 Jaguars
56%
2-14 Bengals
44%
3-13 Browns
44%
3-14 Jaguars
44%
2-15 Panthers
44%
2-14 Patriots
44%
2-14 Texans
44%
3-14 Bears
33%
2-14 Browns
33%
3-13 Cardinals
33%
0-8-1 Colts
33%
3-14 Giants
33%
2-14 Panthers
33%
1-15 Patriots
33%
1-15 Rams
33%
2-14 Texans
33%
3-13 Bengals
22%
3-13 Bengals
22%
2-14 Bengals
22%
1-15 Chargers
22%
1-15 Cowboys
22%
3-12 Falcons
22%
2-14 Raiders
22%
2-14 Rams
22%
2-14 49ers
11%
2-14 Bills
11%
2-14 Bills
11%
2-14 Buccaneers
11%
4-12 Cardinals
11%
2-14 Chiefs
11%
1-15 Colts
11%
3-13 Colts
11%
3-13 Cowboys
11%
1-15 Dolphins
11%
3-13 Jets
11%
1-15 Jets
11%
2-14 Oilers
11%
2-14 Oilers
11%
1-15 Panthers
11%
2-14 Seahawks
11%
2-14 Titans
11%
No matching quizzes found
Score Distribution
Percent of People with Each Score
Percentile by Number Answered
Your Score History
You have not taken this quiz